Strategic interests in the Middle East : (Record no. 15213)

000 -LEADER
fixed length control field 02866cam a2200385 a 4500
001 - CONTROL NUMBER
control field 14762555
005 - DATE AND TIME OF LATEST TRANSACTION
control field 20170105102913.0
008 - FIXED-LENGTH DATA ELEMENTS--GENERAL INFORMATION
fixed length control field 070308s2007 enk b 001 0 eng
010 ## - LIBRARY OF CONGRESS CONTROL NUMBER
LC control number 2007009688
015 ## - NATIONAL BIBLIOGRAPHY NUMBER
National bibliography number GBA724405
Source bnb
016 7# - NATIONAL BIBLIOGRAPHIC AGENCY CONTROL NUMBER
Record control number 013704589
Source Uk
020 ## - INTERNATIONAL STANDARD BOOK NUMBER
International Standard Book Number 9780754670339 (alk. paper)
020 ## - INTERNATIONAL STANDARD BOOK NUMBER
International Standard Book Number 0754670333 (alk. paper)
035 ## - SYSTEM CONTROL NUMBER
System control number (OCoLC)ocm85833382
035 ## - SYSTEM CONTROL NUMBER
System control number (OCoLC)85833382
040 ## - CATALOGING SOURCE
Original cataloging agency DLC
Transcribing agency DLC
Modifying agency UKM
-- BTCTA
-- BAKER
-- BWKUK
-- YDXCP
-- BWK
-- DLC
043 ## - GEOGRAPHIC AREA CODE
Geographic area code aw-----
-- n-us---
050 00 - LIBRARY OF CONGRESS CALL NUMBER
Classification number DS63.2.U5
Item number S77 2007
082 00 - DEWEY DECIMAL CLASSIFICATION NUMBER
Classification number 327.1273056
Edition number 22
245 00 - TITLE STATEMENT
Title Strategic interests in the Middle East :
Remainder of title opposition and support for US foreign policy /
Statement of responsibility, etc. edited by Jack Covarrubias and Tom Lansford.
260 ## - PUBLICATION, DISTRIBUTION, ETC.
Place of publication, distribution, etc. Aldershot, England ;
-- Burlington, VT :
Name of publisher, distributor, etc. Ashgate,
Date of publication, distribution, etc. c2007.
300 ## - PHYSICAL DESCRIPTION
Extent xix, 248 p. ;
Dimensions 24 cm.
504 ## - BIBLIOGRAPHY, ETC. NOTE
Bibliography, etc. note Includes bibliographical references and index.
505 0# - FORMATTED CONTENTS NOTE
Formatted contents note Britain and the Middle East : in pursuit of eternal interests / Mark Sedgwick -- Old interests, new purpose : French foreign policy in the Middle East / Daniel W. Kuthy -- Germany and the Middle East : the construction of moral interests / Jack Covarrubias, Chris White -- US-Russian competition in the Middle East : convergences and divergences in foreign security policy / Mira Duric, Tom Lansford -- China's Middle East policy since the post-Mao reform / Chunlong Lu, Jie Chen -- Japan between the United States and the Middle East / George Ehrhardt -- At the crossroads of foreign policy decisions : India in the Middle East / Anna Rulska, David Jackson -- The United States and Israel : the implications of alignment / Daniel J. Graeber -- Realpolitik and religion : the twin sources of Saudi Arabia's foreign policy / Evan Campbell, Steve A. Yetiv -- The centrality of Egypt to the future of the greater Middle East / B.J. Jordan, Robert J. Pauly, Jr. -- Iran and the Middle East : the pursuit of security and legitimacy in the American age / Vaughn P. Shannon -- NATO and the Middle East : the road to greater engagement / Chris Zambelis, Eva Svobodová -- The United States and the Arab League / Jack Kalpakian -- The United States and the United Nations : partnership for peace? / Tom Lansford.
650 #0 - SUBJECT ADDED ENTRY--TOPICAL TERM
Topical term or geographic name entry element World politics
Chronological subdivision 21st century.
651 #0 - SUBJECT ADDED ENTRY--GEOGRAPHIC NAME
Geographic name Middle East
General subdivision Foreign relations
Geographic subdivision United States.
651 #0 - SUBJECT ADDED ENTRY--GEOGRAPHIC NAME
Geographic name United States
General subdivision Foreign relations
Geographic subdivision Middle East.
651 #0 - SUBJECT ADDED ENTRY--GEOGRAPHIC NAME
Geographic name United States
General subdivision Foreign relations
Chronological subdivision 2001-2009
General subdivision Public opinion.
700 1# - ADDED ENTRY--PERSONAL NAME
Personal name Covarrubias, Jack.
700 1# - ADDED ENTRY--PERSONAL NAME
Personal name Lansford, Tom.
856 41 - ELECTRONIC LOCATION AND ACCESS
Materials specified Table of contents only
Uniform Resource Identifier <a href="http://www.loc.gov/catdir/toc/ecip0712/2007009688.html">http://www.loc.gov/catdir/toc/ecip0712/2007009688.html</a>
906 ## - LOCAL DATA ELEMENT F, LDF (RLIN)
a 7
b cbc
c orignew
d 1
e ecip
f 20
g y-gencatlg
942 ## - ADDED ENTRY ELEMENTS (KOHA)
Source of classification or shelving scheme
Koha item type Book
Holdings
Withdrawn status Lost status Damaged status Not for loan Collection code Permanent Location Current Location Shelving location Date acquired Total Checkouts Full call number Barcode Date last seen Price effective from Koha item type
          Centre for International Peace & Stability (CIPS) Centre for International Peace & Stability (CIPS) General Stacks 09/30/2013   327.1273056 STR 2007 CIPS0001488 11/20/2013 11/20/2013 Book
© 2023 Central Library, National University of Sciences and Technology. All Rights Reserved.